000 00282nam a22001337a 4500
008 260427b ||||| |||| 00| 0 eng d
020 _a9789951565455
041 _aShqip
080 _a821.18
100 _a20
101 _aDramë
245 _aNita
_cJosip Rela
942 _2udc
_cBK
999 _c61000
_d61000